书目信息 |
| 题名: |
秦汉残石的模样
|
|
| 作者: | 王维亚 著 | |
| 分册: | ||
| 出版信息: | 西安 西安出版社 2020 |
|
| 页数: | 208页 | |
| 开本: | 24cm | |
| 丛书名: | 文字的故事丛书 | |
| 单 册: | ||
| 中图分类: | J292.22 | |
| 科图分类: | ||
| 主题词: | 汉字--碑帖--中国--秦汉时代 | |
| 电子资源: | ||
| ISBN: | 978-7-5541-4513-5 | |
| 000 | 00892nam0 2200241 450 | |
| 001 | 2362378337 | |
| 005 | 20231201171948.04 | |
| 010 | @a978-7-5541-4513-5@dCNY56.00 | |
| 100 | @a20200817d2020 em y0chiy50 ea | |
| 101 | 0 | @achi |
| 102 | @aCN@b610000 | |
| 105 | @aa z 000yy | |
| 200 | 1 | @a秦汉残石的模样@Aqin han can shi de mo yang@f王维亚著 |
| 210 | @a西安@c西安出版社@d2020 | |
| 215 | @a208页@c图@d24cm | |
| 225 | 1 | @a文字的故事丛书 |
| 330 | @a本书汇集秦汉残石碑帖内容并进行解读的图书。旨在探究秦汉刻石的历史成因、流变和现状,探讨其书写方法和艺术风格,挖掘其审美价值和对当代书法的意义,并将其放置在整个中国书法发展史的大背景下进行讨论,希望能引起人们对秦汉之际汉字书法的重视。 | |
| 410 | 0 | @12001 @a文字的故事丛书 |
| 606 | 0 | @a汉字@x碑帖@y中国@z秦汉时代 |
| 690 | @aJ292.22@v5 | |
| 701 | 0 | @a王维亚@Awang wei ya@4著 |
| 801 | 0 | @aCN@b91MARC@c20200821 |
| 905 | @aZUCC@dJ292.22@e18 | |
| 秦汉残石的模样/王维亚著.-西安:西安出版社,2020 |
| 208页:图;24cm.-(文字的故事丛书) |
| ISBN 978-7-5541-4513-5:CNY56.00 |
| 本书汇集秦汉残石碑帖内容并进行解读的图书。旨在探究秦汉刻石的历史成因、流变和现状,探讨其书写方法和艺术风格,挖掘其审美价值和对当代书法的意义,并将其放置在整个中国书法发展史的大背景下进行讨论,希望能引起人们对秦汉之际汉字书法的重视。 |
| ● |
| 相关链接 |
|
|
|
正题名:秦汉残石的模样
索取号:J292.22/18
 
预约/预借
| 序号 | 登录号 | 条形码 | 馆藏地/架位号 | 状态 | 备注 |
| 1 | 2001254707 | 2001254707 | 辽宁北方(第一批)/辽宁北方(第一批)/49/ [索取号:J292.22/18] | 在馆 | |
| 2 | 2001254708 | 2001254708 | 辽宁北方(第一批)/辽宁北方(第一批)/49/ [索取号:J292.22/18] | 在馆 | |
| 3 | 2001254709 | 2001254709 | 辽宁北方(第一批)/辽宁北方(第一批)/49/ [索取号:J292.22/18] | 在馆 | |
| 4 | 2001254710 | 2001254710 | 辽宁北方(第一批)/辽宁北方(第一批)/49/ [索取号:J292.22/18] | 在馆 | |
| 5 | 2001254711 | 2001254711 | 辽宁北方(第一批)/辽宁北方(第一批)/49/ [索取号:J292.22/18] | 在馆 | |
| 6 | 2001254712 | 2001254712 | 辽宁北方(第一批)/辽宁北方(第一批)/49/ [索取号:J292.22/18] | 在馆 |